[Event "Katowice POL-HUN 10th"]
[Site "Katowice"]
[Date "2023.09.10"]
[Round "7"]
[White "Varga, Gabor"]
[Black "Kroliczek, Gabriela"]
[Result "1/2-1/2"]
[WhiteElo "1911"]
[BlackElo "1956"]
[PlyCount "61"]
[EventDate "2023.09.09"]
[EventType "swiss (rapid)"]
[EventRounds "9"]
[EventCountry "POL"]
[SourceTitle "EXT 2024"]
[Source "ChessBase"]
[SourceDate "2023.10.10"]
[SourceVersion "1"]
[SourceVersionDate "2023.10.10"]
[SourceQuality "1"]

1. e4 e6 2. d4 d5 3. e5 c5 4. c3 Nc6 5. Nf3 Bd7 6. Be2 f6 7. 0-0 fxe5 8. dxe5 Qc7 9. Bf4 Nh6 10. Bb5 Nf7 11. Bxc6 Qxc6 12. Ng5 Nh6 13. Nd2 Nf5 14. c4 Be7 15. cxd5 Qxd5 16. Nge4 0-0 17. Nc3 Qc6 18. Nde4 Rad8 19. Bg3 b5 20. f3 Ne3 21. Qe2 Nxf1 22. Rxf1 b4 23. Nd1 Qb6 24. Ne3 Bb5 25. Nc4 Qa6 26. b3 Rd4 27. Rc1 Rfd8 28. Ned6 Bxd6 29. exd6 R8xd6 30. Bxd6 Rxd6 31. Qe5 1/2-1/2

[Event "Katowice POL-HUN 10th"]
[Site "Katowice"]
[Date "2023.09.09"]
[Round "5"]
[White "Varga, Gabor"]
[Black "Kozak, Antoni"]
[Result "0-1"]
[WhiteElo "1911"]
[BlackElo "2427"]
[PlyCount "22"]
[EventDate "2023.09.09"]
[EventType "swiss (rapid)"]
[EventRounds "9"]
[EventCountry "POL"]
[SourceTitle "EXT 2024"]
[Source "ChessBase"]
[SourceDate "2023.10.10"]
[SourceVersion "1"]
[SourceVersionDate "2023.10.10"]
[SourceQuality "1"]

1. e4 g6 2. d4 Bg7 3. f4 d5 4. e5 Bf5 5. Bd3 e6 6. Bxf5 gxf5 7. Nf3 Bf8 8. 0-0 Ne7 9. c3 Ng6 10. Ng5 h6 11. Qh5 hxg5 0-1

[Event "HUN-chT2 Toth 1718"]
[Site "Hungary"]
[Date "2018.01.28"]
[Round "7.11"]
[White "Varga, Gabor"]
[Black "Tornyai, Jeno"]
[Result "1-0"]
[WhiteElo "1732"]
[BlackElo "1779"]
[PlyCount "79"]
[EventDate "2017.09.24"]
[EventType "team-tourn"]
[EventRounds "11"]
[EventCountry "HUN"]
[SourceTitle "EXT 2021"]
[Source "ChessBase"]
[SourceDate "2020.10.23"]
[SourceVersion "1"]
[SourceVersionDate "2020.10.23"]
[SourceQuality "1"]
[WhiteTeam "Szeged Meritum"]
[BlackTeam "Szeged Maroczy II"]
[WhiteTeamCountry "HUN"]
[BlackTeamCountry "HUN"]

1. c4 e6 2. Nc3 d5 3. cxd5 exd5 4. d4 Nf6 5. Bg5 Nbd7 6. Qb3 c6 7. e4 Be7 8. e5 Ne4 9. Nxe4 dxe4 10. Be3 Nb6 11. Ne2 Be6 12. Qc2 Nd5 13. a3 Bf5 14. g3 Qa5+ 15. Bd2 Bb4 16. Bc3 Bg6 17. Qb3 Bxc3+ 18. Nxc3 0-0 19. Rd1 e3 20. f4 Be4 21. Rg1 Qd8 22. Nxe4 Qd7 23. Nc3 Qg4 24. Nxd5 cxd5 25. Qxe3 f6 26. Bg2 Rad8 27. Kf2 Qf5 28. Rd2 fxe5 29. dxe5 d4 30. Qe4 Qc8 31. Rgd1 d3 32. Qxb7 Qc5+ 33. Kf1 Qxe5 34. Rxd3 Rde8 35. Qd5+ Qxd5 36. Rxd5 a5 37. Rxa5 Re3 38. b4 Rfe8 39. b5 Rb3 40. Bd5+ 1-0

[Event "HUN-chT2 Toth 1718"]
[Site "Hungary"]
[Date "2017.10.29"]
[Round "3.10"]
[White "Illes, David Mark"]
[Black "Varga, Gabor"]
[Result "0-1"]
[WhiteElo "1790"]
[BlackElo "1732"]
[PlyCount "134"]
[EventDate "2017.09.24"]
[EventType "team-tourn"]
[EventRounds "11"]
[EventCountry "HUN"]
[SourceTitle "EXT 2021"]
[Source "ChessBase"]
[SourceDate "2020.10.23"]
[SourceVersion "1"]
[SourceVersionDate "2020.10.23"]
[SourceQuality "1"]
[WhiteTeam "Karcag"]
[BlackTeam "Szeged Meritum"]
[WhiteTeamCountry "HUN"]
[BlackTeamCountry "HUN"]

1. d4 Nf6 2. Bf4 d6 3. e3 g6 4. Nd2 Bg7 5. Ngf3 0-0 6. Be2 Nbd7 7. 0-0 b6 8. c3 Bb7 9. h3 Re8 10. Qc2 c5 11. Rad1 cxd4 12. exd4 Rc8 13. Qb1 a6 14. a4 Nf8 15. Bh2 Qd7 16. Nc4 Nd5 17. Qa2 Bc6 18. a5 b5 19. Ne3 Nxe3 20. fxe3 e6 21. Ng5 Re7 22. Qa3 Rd8 23. Bf3 Bh6 24. Bf4 Bxf3 25. Rxf3 Kg7 26. Ne4 Bxf4 27. Rxf4 f5 28. Nd2 Qc7 29. Nb3 Nd7 30. e4 Nf6 31. exf5 exf5 32. Rff1 Rde8 33. Nc1 Nd5 34. Rf2 Re3 35. Rdd2 b4 36. Qa2 bxc3 37. bxc3 Nxc3 38. Qc2 Qxa5 39. Nb3 Qb6 40. Nc1 Ne4 41. Rfe2 Nxd2 42. Qxd2 Rxe2 43. Nxe2 a5 44. Nc3 Qb4 45. Qd3 a4 46. Kh2 d5 47. Na2 Qb3 48. Qd2 a3 49. Nc1 Qb2 50. Qf4 a2 51. Qc7+ Kf6 52. Qd6+ Kg5 53. Qg3+ Kh6 54. Qf4+ g5 55. Qxf5 Qxd4 56. Nxa2 Qf4+ 57. Qxf4 gxf4 58. Kg1 d4 59. Nb4 Re2 60. Kf1 Rd2 61. Nd5 Kg5 62. h4+ Kg4 63. h5 d3 64. Nf6+ Kf5 65. Nxh7 Rxg2 66. Ke1 Re2+ 67. Kd1 f3 0-1

[Event "HUN-chT2 Toth 1617"]
[Site "Hungary"]
[Date "2017.04.09"]
[Round "11.10"]
[White "Deakne Baranyai, Aniko"]
[Black "Varga, Gabor"]
[Result "0-1"]
[WhiteElo "1547"]
[BlackElo "1586"]
[PlyCount "64"]
[EventDate "2016.09.25"]
[EventType "team-tourn"]
[EventRounds "11"]
[EventCountry "HUN"]
[SourceTitle "EXT 2021"]
[Source "ChessBase"]
[SourceDate "2020.10.23"]
[SourceVersion "1"]
[SourceVersionDate "2020.10.23"]
[SourceQuality "1"]
[WhiteTeam "Nadudvar"]
[BlackTeam "Szeged Meritum"]
[WhiteTeamCountry "HUN"]
[BlackTeamCountry "HUN"]

1. d4 g6 2. Nf3 Bg7 3. e4 d6 4. Bg5 Bg4 5. Be2 Nc6 6. c3 Nf6 7. Nbd2 0-0 8. 0-0 h6 9. Be3 e5 10. d5 Ne7 11. h3 Bd7 12. Qb3 c6 13. c4 b5 14. cxb5 cxd5 15. exd5 Nfxd5 16. Ne4 Nxe3 17. fxe3 Be6 18. Qa3 d5 19. Nc5 Nf5 20. Rfd1 Qb6 21. Kf2 Rac8 22. Nxe6 fxe6 23. g4 e4 24. gxf5 exf3 25. Bd3 d4 26. e4 exf5 27. exf5 Qc7 28. Kxf3 Qe5 29. Re1 Rxf5+ 30. Bxf5 Qxf5+ 31. Kg2 Rc2+ 32. Kg3 Qf2+ 0-1